000 00622nam a2200277Ia 4500
005 20260401122238.0
008 008 250103s9999 xx 000 0 eng d
020 _a231122799
037 _aTB
040 _aEDL
040 _beng
040 _cEDL
041 _2eng
041 _aeng
084 _a305.31 GAR
084 _qEDL
245 0 _aMasculinity Studies and Feminist Theory: New Directions
260 _aNew York
260 _bColumbia University Press
260 _c2002
300 _a386p
942 _cTB
942 _h305.31 GAR
999 _c1845923
_d1845923